000 00595nam a22001937a 4500
005 20150124123929.0
008 121022t ck||||| |||| 00| 0 spa d
020 _a9583504335
050 0 4 _aHV6901
_bR49 2003
100 1 _aReyes Echandía, Alfonso
245 1 0 _aCriminología /
_cAlfonso Reyes Echandía
250 _a8a ed.
260 _aBogotá, Colombia :
_bEditorial Temis,
_cr2003
300 _axvii, 360 p. ;
_c23 cm.
504 _aBibliografía : p. 338-345 e índices
650 7 _2LEMB
_aCriminología
_zColombia
650 7 _2LEMB
_aPsicología criminal
_zColombia
942 _2lcc
_cLIB
999 _c33999
_d33999